Click the Kanye West Song Title Ending - Statistics

General Stats
  • This quiz has been taken 92 times
  • The average score is 14 of 15
Answer Stats
Hint Answer % Correct
Gold Digger
99%
Flashing Lights
99%
Can't Tell Me Nothing
99%
All Falls Down
97%
Violent Crimes
96%
I Wonder
96%
Bound 2
95%
Devil In A New Dress
95%
Touch The Sky
95%
Drive Slow
94%
Good Life
91%
Lost In The World
88%
Dark Fantasy
87%
No Church In The Wild
86%
Through The Wire
77%
No matching quizzes found
Score Distribution
Percent of People with Each Score
Percentile by Number Answered
Your Score History
You have not taken this quiz